| Tag |
First Indicator |
Second Indicator |
Subfields |
| LEADER |
00000cam a2200000 a 4500 |
| 001 |
in00000025840 |
| 005 |
20151007054507.0 |
| 008 |
861118s1987 gaua b s00000 eng |
| 010 |
|
|
|a 86030760
|
| 020 |
|
|
|a 0898541190 (pbk.)
|
| 035 |
|
|
|a (OCoLC)14933099
|
| 035 |
|
|
|9 AAB5226AM
|
| 040 |
|
|
|a DLC
|c DLC
|d TXA
|d UtOrBLW
|
| 043 |
|
|
|a n-us---
|
| 049 |
|
|
|a TXAM
|c [A10909554]
|
| 050 |
0 |
0 |
|a KF8732.A75
|b C68 1987
|
| 082 |
0 |
|
|a 347.73/13
|a 347.30713
|2 19
|
| 245 |
0 |
0 |
|a Court administration :
|b issues and responses /
|c edited by Charles R. Swanson and Susette M. Talarico.
|
| 264 |
|
1 |
|a Athens, Ga. :
|b Carl Vinson Institute of Government, University of Georgia,
|c [1987]
|
| 264 |
|
4 |
|c ©1987
|
| 300 |
|
|
|a vi, 113 pages :
|b illustrations ;
|c 26 cm.
|
| 336 |
|
|
|a text
|b txt
|2 rdacontent
|
| 337 |
|
|
|a unmediated
|b n
|2 rdamedia
|
| 338 |
|
|
|a volume
|b nc
|2 rdacarrier
|
| 504 |
|
|
|a Includes bibliographies.
|
| 505 |
0 |
|
|a Keeping pace / Herbert Jacob [et al.] -- The training of court managers / Harvey E. Solomon -- The judicial executive / E. Keith Stott -- User fees for the courts / David Bresnick -- Providing information about witnesses / Robert C. Davis -- Using technology to improve the administration of justice in the federal courts / Charles W. Nihan and Russell R. Wheeler -- Cutback management in the judicial branch / Harry O. Lawson and Barbara J. Gletne -- Judicial impact statements / Keith Boyum and Samuel Krislov -- Bureaucratization of the federal courts / Alvin B. Rubin -- Justice Potter Stewart's philosophy of federal judicial administration / James A. Grazell.
|
| 650 |
|
0 |
|a Court administration
|z United States.
|
| 700 |
1 |
|
|a Swanson, Charles R.,
|d 1942-
|
| 700 |
1 |
|
|a Talarico, Susette M.
|
| 999 |
|
|
|a MARS
|
| 999 |
f |
f |
|s 0a341ddd-589f-396b-a871-cc0a15b3b1a1
|i 1e2cd000-8efc-3619-be09-43f1a2a5856e
|t 0
|
| 952 |
f |
f |
|p ric
|a Texas A&M University
|b Rellis Campus
|c Joint Library Facility
|d Remote Storage
|t 0
|e KF8732.A75 C68 1987
|h Library of Congress classification
|i unmediated -- volume
|m A14810909554
|
| 998 |
f |
f |
|a KF8732.A75 C68 1987
|t 0
|l Remote Storage
|